00494nam a2200121Ia 4500008004100000245011200041245003300153260000900186650003400195856005100229999001900280952007300299171204s9999 xx 000 0 und d 4aThe Cartoon Introduction to Climate Change: An enjoyable, easy-to-understand guide to global climate change cGrady Klein and Yoram Bauman c2016 xTraditional Cartoon Animation uhttp://down.ebook777.com/008/9781610915700.pdf c346347d346347 001040aCLbCLd2017-12-04l0r2017-12-04 00:00:00w2017-12-04yCBE